000 01076cam a2200301 a 4500
999 _c127036
_d127036
001 1670567
003 ARRUPE
005 20171005111935.0
008 980422r19981954lau s000 1 eng
010 _a 98023624
020 _a080712334X (pbk. : alk. paper)
040 _aDLC
_cDLC
_dDLC
043 _an-usu--
050 0 0 _aPS3503.A8423
_bV5 1998
082 0 0 _a813/.52
_221
100 1 _aBasso, Hamilton,
_d1904-1964.
_936708
245 1 4 _aThe view from Pompey's Head /
_cHamilton Basso.
260 _aBaton Rouge :
_bLouisiana State University Press,
_c1998.
300 _a409 p. ;
_c22 cm.
440 0 _aVoices of the South
_936709
650 0 _aCity and town life
_xFiction.
_zSouthern States
_936710
906 _a7
_bcbc
_corignew
_d1
_eocip
_f19
_gy-gencatlg
942 _2lcc
_cMONOGRAPH